[Event "HUN-chT2 Barcza 2223"]
[Site "Hungary"]
[Date "2023.03.26"]
[Round "6.9"]
[White "Szulics, Imre"]
[Black "Marko, Arpad"]
[Result "1-0"]
[WhiteElo "1621"]
[BlackElo "1848"]
[PlyCount "119"]
[EventDate "2022.11.20"]
[EventType "team-tourn"]
[EventRounds "7"]
[EventCountry "HUN"]
[SourceTitle "EXT 2025"]
[Source "ChessBase"]
[SourceDate "2024.10.14"]
[SourceVersion "1"]
[SourceVersionDate "2024.10.14"]
[SourceQuality "1"]
[WhiteTeam "Nyiregyhaza VSC"]
[BlackTeam "Kazincbarcika"]
[WhiteTeamCountry "HUN"]
[BlackTeamCountry "HUN"]

1. d4 d5 2. Nf3 Nf6 3. Bg5 Ne4 4. Bf4 e6 5. e3 c5 6. Bb5+ Nc6 7. Bxc6+ bxc6 8. 0-0 Be7 9. Nbd2 Nxd2 10. Qxd2 0-0 11. Ne5 Bd7 12. dxc5 Bxc5 13. Rfd1 Bb6 14. c4 f6 15. Nxd7 Qxd7 16. Qb4 e5 17. Bg3 c5 18. Qb3 d4 19. e4 g5 20. h3 Rab8 21. Qf3 Kg7 22. Rd3 Qe6 23. b3 Ba5 24. Qg4 Qxg4 25. hxg4 Bc3 26. Rc1 Rb6 27. f3 Ra6 28. Rc2 h5 29. Bf2 hxg4 30. fxg4 Rh8 31. Rh3 Rd6 32. Rd3 a5 33. Rcxc3 a4 34. Rc2 axb3 35. axb3 Ra8 36. Kf1 Rb6 37. Ke2 Ra3 38. Rb2 Ra1 39. Be1 Rb8 40. b4 cxb4 41. Bxb4 Kg6 42. Rdb3 Ra4 43. c5 Rc8 44. Rc2 Ra1 45. c6 Rg1 46. Kf2 Rd1 47. Bd2 Rxd2+ 48. Rxd2 Rxc6 49. Rdd3 Rc2+ 50. Kg3 Re2 51. Kf3 Re1 52. Rd2 Rf1+ 53. Rf2 Re1 54. Re2 Rf1+ 55. Kg3 Rd1 56. Rb6 Rd3+ 57. Kh2 Rd1 58. Rf2 Re1 59. Rfxf6+ Kg7 60. Rfc6 1-0

[Event "HUN-chT2 Barcza 2223"]
[Site "Hungary"]
[Date "2023.03.12"]
[Round "5.11"]
[White "Szulics, Imre"]
[Black "Kacsandi, Lili Fruzsina"]
[Result "0-1"]
[WhiteElo "1621"]
[BlackElo "1804"]
[PlyCount "101"]
[EventDate "2022.11.20"]
[EventType "team-tourn"]
[EventRounds "7"]
[EventCountry "HUN"]
[SourceTitle "EXT 2025"]
[Source "ChessBase"]
[SourceDate "2024.10.14"]
[SourceVersion "1"]
[SourceVersionDate "2024.10.14"]
[SourceQuality "1"]
[WhiteTeam "Nyiregyhaza VSC"]
[BlackTeam "Szirmabesenyo"]
[WhiteTeamCountry "HUN"]
[BlackTeamCountry "HUN"]

1. d4 Nf6 2. Nf3 g6 3. Bg5 Bg7 4. e3 d5 5. c3 0-0 6. Bd3 Nbd7 7. Nbd2 c5 8. Rc1 Re8 9. 0-0 b6 10. Bb1 Bb7 11. h3 Rc8 12. Bf4 Nb8 13. Ne5 Nfd7 14. Ndf3 Nc6 15. Nxd7 Qxd7 16. Ne5 Nxe5 17. Bxe5 Bxe5 18. dxe5 Qe6 19. f4 f5 20. Qe1 Qc6 21. Qg3 e6 22. Qg5 Qc7 23. Qh6 Qg7 24. Qxg7+ Kxg7 25. g4 Kf7 26. Kh2 Rg8 27. Rg1 Ba6 28. Rg3 Rg7 29. Rcg1 Rcg8 30. gxf5 gxf5 31. Rxg7+ Rxg7 32. Rxg7+ Kxg7 33. Kg3 Be2 34. Kh4 c4 35. a3 Bd1 36. Kg5 h6+ 37. Kh4 Kg6 38. Kg3 Kh5 39. h4 Kg6 40. Kh3 Kf7 41. Kg3 Ke7 42. Kf2 Kf7 43. Kg3 Bb3 44. Kh3 Ke7 45. Kg3 Kd7 46. Kf2 Kc6 47. Ke2 Kb5 48. Kd2 Ka4 49. Bxf5 exf5 50. e6 Ka5 51. e7 0-1

[Event "HUN-chT2 Barcza 2122"]
[Site "Hungary"]
[Date "2021.12.19"]
[Round "4.8"]
[White "Toviskes, Antal"]
[Black "Szulics, Imre"]
[Result "1-0"]
[WhiteElo "1999"]
[BlackElo "1687"]
[PlyCount "53"]
[EventDate "2021.10.10"]
[EventType "team-tourn"]
[EventRounds "9"]
[EventCountry "HUN"]
[SourceTitle "EXT 2025"]
[Source "ChessBase"]
[SourceDate "2024.10.14"]
[SourceVersion "1"]
[SourceVersionDate "2024.10.14"]
[SourceQuality "1"]
[WhiteTeam "Hajduboszormeny"]
[BlackTeam "Nyiregyhaza VSC II"]
[WhiteTeamCountry "HUN"]
[BlackTeamCountry "HUN"]

1. e4 c5 2. Nc3 Nc6 3. g3 d6 4. Bg2 Nf6 5. d3 g6 6. f4 Bg7 7. Nf3 Bg4 8. 0-0 Nd4 9. Ne2 Bxf3 10. Bxf3 Nxf3+ 11. Rxf3 Qc8 12. Qf1 0-0 13. Qg2 b5 14. f5 c4 15. Bd2 cxd3 16. cxd3 Qc2 17. Bc3 Qa4 18. g4 Rac8 19. g5 Nh5 20. f6 Bh8 21. fxe7 Rfe8 22. Bxh8 Kxh8 23. Rxf7 Rg8 24. Qf2 b4 25. Qd4+ Ng7 26. Raf1 Qd7 27. Rxg7 1-0

[Event "HUN-chT2 Barcza 0708"]
[Site "Hungary"]
[Date "2007.12.16"]
[Round "5"]
[White "Szulics, Imre"]
[Black "Filep, Ferenc"]
[Result "1/2-1/2"]
[WhiteElo "1997"]
[BlackElo "2012"]
[PlyCount "38"]
[EventDate "2007.10.14"]
[EventType "team-tourn"]
[EventRounds "11"]
[EventCountry "HUN"]
[SourceTitle "EXT 2009"]
[Source "ChessBase"]
[SourceDate "2008.11.26"]
[SourceVersion "1"]
[SourceVersionDate "2008.11.26"]
[SourceQuality "1"]
[WhiteTeam "Piremon"]
[BlackTeam "DEAC"]
[WhiteTeamCountry "HUN"]
[BlackTeamCountry "HUN"]

1. d4 d5 2. Nf3 Nf6 3. Bg5 e6 4. e3 Be7 5. Bd3 0-0 6. Nbd2 c5 7. dxc5 Bxc5 8. 0-0 Nbd7 9. Rc1 e5 10. Be2 Bd6 11. c4 h6 12. Bxf6 Nxf6 13. cxd5 Nxd5 14. Nc4 e4 15. Nxd6 Qxd6 16. Bc4 Rd8 17. Bxd5 Qxd5 18. Qxd5 Rxd5 19. Nd4 Bd7 1/2-1/2

[Event "Nyiregyhaza op"]
[Site "Nyiregyhaza"]
[Date "2004.07.15"]
[Round "6"]
[White "Hibjan, Tamas"]
[Black "Szulics, Imre"]
[Result "1-0"]
[WhiteElo "2097"]
[BlackElo "2041"]
[PlyCount "69"]
[EventDate "2004.07.10"]
[EventType "swiss"]
[EventRounds "9"]
[EventCountry "HUN"]
[SourceTitle "EXT 2008"]
[Source "ChessBase"]
[SourceDate "2007.11.25"]
[SourceVersion "1"]
[SourceVersionDate "2007.11.25"]
[SourceQuality "1"]

1. e4 c5 2. Nf3 d6 3. d4 cxd4 4. Nxd4 g6 5. Be3 Bg7 6. Nc3 Nf6 7. Bc4 0-0 8. Bb3 a6 9. f3 b5 10. Qd2 Bd7 11. 0-0-0 Nc6 12. g4 Nxd4 13. Bxd4 a5 14. a3 b4 15. Nb1 bxa3 16. Nxa3 a4 17. Ba2 Qa5 18. Bc3 Qc7 19. h4 Be6 20. Kb1 Rfc8 21. Bxe6 fxe6 22. h5 Rab8 23. Ka1 Kf7 24. h6 Bf8 25. g5 Nd7 26. f4 e5 27. fxe5 Nxe5 28. Rhf1+ Ke8 29. Qf2 Nd7 30. e5 Qb7 31. Qf7+ Kd8 32. Ba5+ Rc7 33. Bxc7+ Kxc7 34. Qc4+ Nc5 35. exd6+ 1-0

[Event "Nyiregyhaza op"]
[Site "Nyiregyhaza"]
[Date "2003.07.11"]
[Round "7"]
[White "Szulics, Imre"]
[Black "Palinkas, Balazs"]
[Result "1-0"]
[WhiteElo "2050"]
[BlackElo "1878"]
[PlyCount "93"]
[EventDate "2003.07.05"]
[EventType "swiss"]
[EventRounds "9"]
[EventCountry "HUN"]
[SourceTitle "EXT 2005"]
[Source "ChessBase"]
[SourceDate "2004.11.15"]
[SourceVersion "1"]
[SourceVersionDate "2004.11.15"]
[SourceQuality "1"]

1. d4 Nf6 2. Nf3 e6 3. Bg5 h6 4. Bh4 c5 5. Nc3 d5 6. e4 g5 7. Bb5+ Nc6 8. Bg3 a6 9. Bxc6+ bxc6 10. Be5 Rg8 11. dxc5 Bxc5 12. exd5 cxd5 13. Bd4 Be7 14. Ne5 Bb7 15. 0-0 h5 16. Qe2 g4 17. f4 Ne4 18. f5 f6 19. Nd3 e5 20. Bf2 Nxf2 21. Nxf2 Bc5 22. Kh1 Qc7 23. Nd3 Be7 24. a3 Rc8 25. Rfc1 Kf7 26. Nb4 Rcd8 27. Nxa6 Qc6 28. Nb4 Bxb4 29. axb4 h4 30. Qb5 d4 31. Qxc6 Bxc6 32. Ra7+ Ke8 33. Na4 h3 34. Nc5 Bxg2+ 35. Kg1 Bd5 36. c4 dxc3 37. Rxc3 Rg5 38. Ne6 Bxe6 39. fxe6 Rc8 40. Rcc7 Rg8 41. Re7+ Kd8 42. Rf7 Ke8 43. Rh7 f5 44. b5 Kd8 45. b6 Ke8 46. b7 g3 47. Ra8 1-0

[Event "Nyiregyhaza op"]
[Site "Nyiregyhaza"]
[Date "2003.07.10"]
[Round "6"]
[White "Kanyadi, Zoltan"]
[Black "Szulics, Imre"]
[Result "1-0"]
[WhiteElo "2109"]
[BlackElo "2050"]
[PlyCount "81"]
[EventDate "2003.07.05"]
[EventType "swiss"]
[EventRounds "9"]
[EventCountry "HUN"]
[SourceTitle "EXT 2005"]
[Source "ChessBase"]
[SourceDate "2004.11.15"]
[SourceVersion "1"]
[SourceVersionDate "2004.11.15"]
[SourceQuality "1"]

1. e4 c5 2. Nf3 d6 3. d4 cxd4 4. Nxd4 g6 5. Nc3 Nf6 6. Be3 a6 7. f3 Bg7 8. Qd2 0-0 9. 0-0-0 Nc6 10. Bc4 Bd7 11. h4 b5 12. Bb3 h5 13. g4 Nxd4 14. Bxd4 hxg4 15. h5 Nxh5 16. Bxg7 Kxg7 17. Rxh5 Rh8 18. Rxh8 Qxh8 19. fxg4 Bxg4 20. Rg1 Qh3 21. Bxf7 Rf8 22. Bb3 Rf1+ 23. Rxf1 Qxf1+ 24. Nd1 Bxd1 25. Qxd1 Qf4+ 26. Kb1 Qxe4 27. a3 Kf6 28. Bd5 Qf4 29. Qh1 Ke5 30. Bb7 b4 31. Qe1+ Kf6 32. axb4 e5 33. Bxa6 Ke6 34. Bc8+ Kd5 35. Bb7+ Ke6 36. Qe4 g5 37. Bd5+ Kf6 38. Qxf4+ exf4 39. b5 g4 40. b6 f3 41. b7 1-0

[Event "Nyiregyhaza op"]
[Site "Nyiregyhaza"]
[Date "2003.07.07"]
[Round "3"]
[White "Szulics, Imre"]
[Black "Bartha, Laszlo"]
[Result "0-1"]
[WhiteElo "2050"]
[BlackElo "2124"]
[PlyCount "128"]
[EventDate "2003.07.05"]
[EventType "swiss"]
[EventRounds "9"]
[EventCountry "HUN"]
[SourceTitle "EXT 2005"]
[Source "ChessBase"]
[SourceDate "2004.11.15"]
[SourceVersion "1"]
[SourceVersionDate "2004.11.15"]
[SourceQuality "1"]

1. d4 Nf6 2. Nf3 g6 3. c3 Bg7 4. Bg5 d6 5. e3 Nbd7 6. Bc4 c6 7. Nbd2 0-0 8. Qc2 d5 9. Bd3 c5 10. b3 a6 11. a4 Re8 12. 0-0 e5 13. dxe5 Nxe5 14. Nxe5 Rxe5 15. Nf3 Re8 16. h3 Be6 17. Nh2 Qb6 18. a5 Qa7 19. Ra4 Rac8 20. c4 Bd7 21. Ra2 Bc6 22. f4 dxc4 23. bxc4 Ne4 24. Ng4 f6 25. Bh6 Qb8 26. Bxg7 Kxg7 27. Bxe4 Bxe4 28. Qc3 Qd6 29. Rd2 Qe7 30. Rfd1 Rc7 31. Rd6 Rf8 32. Qd2 Rf7 33. Kf2 Bc6 34. Qc3 Rd7 35. Rxd7 Bxd7 36. Nh2 Bc6 37. Nf3 h6 38. Qd3 Qe6 39. Qc3 Re7 40. Qd3 Rd7 41. Qc2 Rxd1 42. Qxd1 Qxc4 43. Qd6 Bd5 44. Qe7+ Bf7 45. e4 Qe6 46. Qxc5 Qxe4 47. Qc7 g5 48. fxg5 hxg5 49. Kg3 Qd5 50. Kf2 Kg6 51. Qc2+ Qf5 52. Qc7 Bd5 53. Kg3 Bxf3 54. gxf3 Qe5+ 55. Qxe5 fxe5 56. Kf2 Kf5 57. Ke2 Ke6 58. Kd3 Kd6 59. Ke4 b5 60. axb6 a5 61. b7 Kc7 62. Kxe5 a4 63. b8Q+ Kxb8 64. Kd4 Kc7 0-1

[Event "Piremon Nyirsegi Torna op"]
[Site "Nyiregyhaza"]
[Date "2002.07.05"]
[Round "7"]
[White "Egri, Laszlo"]
[Black "Szulics, Imre"]
[Result "1-0"]
[WhiteElo "2190"]
[BlackElo "2070"]
[PlyCount "97"]
[EventDate "2002.06.29"]
[EventType "swiss"]
[EventRounds "9"]
[EventCountry "HUN"]
[SourceTitle "EXT 2004"]
[Source "ChessBase"]
[SourceDate "2003.11.25"]
[SourceVersion "1"]
[SourceVersionDate "2003.11.25"]
[SourceQuality "1"]

1. e4 c5 2. c3 d6 3. d4 cxd4 4. cxd4 Nf6 5. Nc3 g6 6. Bd3 Bg7 7. Nge2 Nc6 8. 0-0 0-0 9. f3 a6 10. d5 Ne5 11. a4 Nxd3 12. Qxd3 Bd7 13. Be3 e6 14. dxe6 Bxe6 15. Rfd1 Ne8 16. a5 Qh4 17. Nf4 Bb3 18. Rd2 Rc8 19. Ncd5 Bc4 20. Qa3 Bb5 21. Bb6 Rc4 22. Rad1 Be5 23. g3 Qg5 24. Nh3 Qh6 25. Kg2 Bd7 26. Nf2 Qg7 27. b3 Rc8 28. Ne7+ Kh8 29. Nxc8 Bxc8 30. f4 Bf6 31. Qa4 Be7 32. Bd4 f6 33. Qc4 Bd7 34. Kg1 Bb5 35. Qc3 Qf7 36. Re1 h5 37. Nd3 Kh7 38. f5 gxf5 39. exf5 Rg8 40. Nf4 Bc6 41. Rde2 Bf8 42. Ne6 Bd7 43. Qf3 Bc6 44. Qc3 Bd7 45. Nxf8+ Qxf8 46. Qf3 Ng7 47. Re7 Be8 48. Rxb7 Rh8 49. Re6 1-0

[Event "Piremon Nyirsegi Torna op"]
[Site "Nyiregyhaza"]
[Date "2002.07.01"]
[Round "3"]
[White "Nagy, Ferenc"]
[Black "Szulics, Imre"]
[Result "0-1"]
[WhiteElo "2142"]
[BlackElo "2070"]
[PlyCount "76"]
[EventDate "2002.06.29"]
[EventType "swiss"]
[EventRounds "9"]
[EventCountry "HUN"]
[SourceTitle "EXT 2004"]
[Source "ChessBase"]
[SourceDate "2003.11.25"]
[SourceVersion "1"]
[SourceVersionDate "2003.11.25"]
[SourceQuality "1"]

1. Nf3 d5 2. e3 Nf6 3. c4 c6 4. h3 e6 5. b3 Bd6 6. Bb2 Nbd7 7. Nc3 b6 8. cxd5 exd5 9. Rc1 Bb7 10. Ne2 Rc8 11. Ned4 0-0 12. Bd3 Re8 13. Qe2 b5 14. Nf5 Bf8 15. Bd4 a6 16. Bb2 g6 17. Ng3 Bg7 18. h4 Ne4 19. Bxg7 Nxg3 20. fxg3 Kxg7 21. h5 Ne5 22. hxg6 hxg6 23. Kf2 Qf6 24. Rh4 c5 25. Rf4 Qe7 26. Rf1 c4 27. Bb1 Nxf3 28. gxf3 Rcd8 29. Rd4 Rh8 30. Ke1 Rh3 31. f4 f5 32. Qf3 Rdh8 33. Kd1 cxb3 34. axb3 Rh2 35. b4 Qc7 36. Ke1 Qc1+ 37. Qd1 Rc8 38. Bd3 Qb2 0-1